000 01248nam a22002897a 4500
999 _c643
_d643
001 001916
003 CoMeUDC001916
005 20190111192558.0
008 120823s2011 ck gr 00010 spa d
020 _a9789583508196
040 _aCO-BoUEC
_cCoMeUDC
041 0 _aspa
043 _as-ck---
082 0 4 _a346.04
_bO16b
_215
100 1 0 _aOchoa Carvajal, Raúl Humberto
245 1 0 _aBienes /
_cRaúl Humberto Ochoa Carvajal.
250 _aSeptima edición ; corregida y puesta al día.
260 _aBogotá :
_bEditorial Temis,
_c2011.
300 _axviii, 390 páginas ;
_c24 cm.
504 _aIncluye bibliografía e índices.
505 0 _aDe los bienes en general -- De los derechos reales y personales -- De los modos de adquirir el dominio -- De la accesión -- Tradición -- De la posesión -- La prescripción -- El derecho de propiedad o dominio -- La propiedad fiduciaria -- Del derecho de usufructo -- De las servidumbres -- Derecho real de censo -- Derecho de retención -- De la acción reivindicatoria.
650 1 4 _aPropiedad
_xAspectos jurídicos
_zColombia
650 1 4 _aDerecho de propiedad
_zColombia
650 1 4 _aServidumbres (Derecho)
_zColombia
650 1 4 _aDerechos reales (Derecho civil)
942 _2ddc
_cBK